Z vysokymy prahnennjamy

Bibliographic Details
Main Author: Zymomrja, Mykola (Author)
Format: Article
Language:Slovak
Ukrainian
Subjects:

MARC

LEADER 00000nab a2200000 a 4500
001 vtls009301895
003 SK-MaSNL
005 20260304160518.0
008 250507c2008 xo qr p 000 c0slo
015 |a SNBRB2008/06 
035 |a (uuid)d8144ee5-eb23-436b-850e-8aa91375fb3b 
035 |a urn:nbn:sk:snk-abc3y2 
035 |a (urnnbn)urn:nbn:sk:snk:ar-001lfv 
038 |a SVKPOCL 
040 |a SNKBUCL  |b slo  |c SNKBUCL  |e AACR2 
041 0 |a ukr 
044 |a xo  |c SK 
080 |a 821.161.2 (437.6)-32=161.2(048)  |2 2001 
100 1 |a Zymomrja, Mykola  |4 aut  |9 919951 
245 1 0 |a Z vysokymy prahnennjamy  |c Mykola Zymomrja 
650 0 7 |a ukrajinská literatúra  |z Slovensko  |2 svkpocl  |9 306583 
650 0 7 |a ukrajinská próza  |2 svkpocl  |9 82745 
651 7 |a Slovensko  |2 svkpocl 
655 7 |a ukrajinská próza  |2 svkpocl  |9 278554 
655 7 |a recenzie  |2 svkpocl  |9 21907 
773 0 |t Duklja  |g Rič. 56, No 2 (2008), s. 82-83 
787 0 8 |i Rec.:  |a Bača, Jurij, 1932-  |t Ja prahnu najbil'šoho: staty ljudynoju  |d Užhorod : Mystec'ka linija, 2006 
850 |a Slovenská národná knižnica 
852 |a Slovenská národná knižnica 
958 |a article15 
958 |a UK 
958 |a LX 
958 |a RC 
958 |a SK 
958 |a UA 
958 |a OND 
958 |a EUIPO 
999 |c 2967513  |d 2969443